000 01472nam a22003371i 4500
001 134477
003 ES-MaACL
005 20250729063223.0
007 t|
008 150127s1994 sp ||||0| spa d
020 _a84-920047-0-3
080 _a235.3(0:7)
080 _a7.034(460.184)
080 _a7.046.3(460.184)
100 1 _aMartín Benito, José Ignacio
_9156219
245 1 4 _aLos caminos de Santiago y la iconografía jacobea en el norte de Zamora
_b: (Tierra de Campos-Lampreana, Los valles de Benavente, Carballeda y Sanabria) /
_cJosé Ignacio Martín Benito, Juan Carlos de la Mata Guerra, Fernando Regueras Grande.
260 _aBenavente :
_bCentro de Estudios Benaventanos "Ledo del Pozo",
_c1994.
300 _a116 p. :
_bil. ;
_c24 cm.
490 1 _aExposiciones y catálogos ;
_v1
504 _aBibliografía: p. 113-116.
600 0 4 _aSantiago, el Mayor
_cSanto-
_xIconografía.
_9103376
650 4 _aArte religioso-
_zZamora (Provincia)
_9156220
655 7 _2tgfbne
_9193628
_aCatálogos de exposiciones
700 1 _aMata Guerra, Juan Carlos de la (
_d1959-)
_9156185
700 1 _aRegueras Grande, Fernando.
_9156140
830 0 0 _aExposiciones y catálogos
_v1
_9187714
852 _aES-MaACL
_jA-13341
_9139350
_bR.150338
_cDEPO1
_dOlim: N-6341
_hDonación: Centro de Estudios Benaventanos
914 _9144530
_aCentro de Estudios Benaventanos "Ledo del Pozo"
_ednr
942 _2udc
_cMONOGRAFIA
999 _c134477
_d134477